000 00441nam a22001697a 4500
003 UA-OsUOA
001 4628
007 ta
008 20050721b un ||||| |||| 00| 0 ukr d
100 _aВорончук
700 _aТ. М.
942 _cBK
040 _aUA-OsUOA
_cUA-OsUOA
_dUA-OsUOA
245 _aПсихолого- педагогічні закономірності засвоєння ін
_bBA Paper
955 _a2
650 7 _2UDC
999 _c290790
_d290790